Nálady soudobé violy Slavický, Müller, Havelka, Kopelent, Kučera

Hlavní autor: Pěruška, Jan, 1951-
Další autoři: Wiesner, Daniel, 1969-, Slavický, Milan, 1947-, Müller, Michal, 1956-, Havelka, Svatopluk, 1925-2009., Kopelent, Marek, 1932-2023., Kučera, Václav, 1929-2017.
Jazyk: Nelze použít, není lingvistický obsah
Vydáno: [Praha] : Artesmon, 2010
Témata:
Fyzický popis: 1 zvuková deska (55:31) : digital ; 12 cm
Language note: Doprovodný text v pouzdře česky a anglicky
Zvukové nahrávky
Uloženo v:
LEADER 02123njm a2200445 a 4500
001 001139656
003 CZ BrMZK
005 20230314133108.0
007 sd fsngnnmmned
008 110228s2010 xr zzn g ef zxx d
024 3 |a 8595577373623 
028 0 1 |a AS 736-2  |b Artesmon 
040 |a BOA001  |b cze 
041 0 |g cze  |g eng 
048 |a ka01  |b sb01 
072 7 |a 787  |x Hudba pro strunné a smyčcové nástroje  |2 Konspekt  |9 9 
080 |a 787.2.083  |2 MRF 
080 |a (086.76)  |2 MRF 
100 1 |a Pěruška, Jan,  |d 1951-  |7 jn19990209652  |4 itr 
245 1 0 |a Nálady soudobé violy  |h [zvukový záznam] :  |b Slavický, Müller, Havelka, Kopelent, Kučera 
260 |a [Praha] :  |b Artesmon,  |c 2010 
300 |a 1 zvuková deska (55:31) :  |b digital ;  |c 12 cm 
306 |a 005531 
500 |a Kompaktní deska 
505 0 |a Vzývání I pro sólovou violu / Milan Slavický -- Apokalypsa pro violu a preparovaný klavír / Michal Müller -- Tichá radost pro sólovou violu / Svatopluk Havelka -- Toccata pro violu a klavír / Marek Kopelent -- Eligiaco appassionato pro sólovou violu / Václav Kučera 
511 1 |a Jan Pěruška, viola ; Daniel Wiesner, klavír 
518 |a Nahráno ve studiu Martínek v Praze, 1 června 2010 (2, 4) a 17. listopadu 2009 (5) a v Kostele U Jákobova žebříku v Praze, 28 června 2010 (1, 3) 
546 |a Doprovodný text v pouzdře česky a anglicky 
650 0 7 |a drobné skladby (viola, klavír)  |7 ph452607  |2 czenas 
655 7 |a kompaktní desky  |7 fd201991  |2 czenas 
700 1 |a Wiesner, Daniel,  |d 1969-  |7 jn19990009124  |4 itr 
700 1 2 |a Slavický, Milan,  |d 1947-  |t Vzývání I 
700 1 2 |a Müller, Michal,  |d 1956-  |t Apokalypsa  |7 aun2011670515 
700 1 2 |a Havelka, Svatopluk,  |d 1925-2009.  |t Tichá radost  |7 aun2011670110 
700 1 2 |a Kopelent, Marek,  |d 1932-2023.  |t Toccata,  |m viola, klavír  |7 aun2011670525 
700 1 2 |a Kučera, Václav,  |d 1929-2017.  |t Elegiaco appassionato  |7 aun2011670105 
910 |a BOA001  |b CDR-1262.936 
990 |a AV 
991 |b 201103  |g g 
996 6 |b 2610472004  |c CDR-1262.936  |l MZK  |r Sklad / do 24 hodin  |n 1  |p p.v.  |w 001171413  |u 000010  |a 1  |e BOA001  |j MZK50  |s P